| 000 | 00969nam a2200241 a 4500 | ||
|---|---|---|---|
| 003 | BD-DhJNU | ||
| 005 | 20260113081224.0 | ||
| 008 | 251108s2022 bg |||g |||| 000 1|ben|d | ||
| 020 | _a9789382600541 | ||
| 040 |
_aBD-DhJNU _bben _cBD-DhJNU _dBD-DhJNU |
||
| 041 | _aben | ||
| 082 |
_a891.44109 KMS _223 |
||
| 100 | _aকামরুজ্জামান | ||
| 245 | 1 | 0 |
_aশতবর্ষে নজরুলের বিদ্রোহী / _cকামরুজ্জামান |
| 246 | _aShotoborshe Nazruler Bidrohi | ||
| 250 | _a1st ed. | ||
| 260 |
_aকলকাতা : _bএডুকেশন ফোরাম, _c2022. |
||
| 300 |
_a২৪০ পৃ. : _bচিত্র ; _c২১ সেমি.। |
||
| 504 | _aগ্রন্থপঞ্জিগত নির্দেশিকা ও নিঘন্ট অন্তভূক্ত | ||
| 650 | _aবাংলা কবিতাসমালোচনা | ||
| 650 | _aRebel poetry | ||
| 942 | _cBK | ||
| 999 |
_c2524 _d2524 |
||